[Event "Cancan Veterans-Women"]
[Site "Roquebrune"]
[Date "1998.09.10"]
[Round "4"]
[White "Ioseliani, Nana"]
[Black "Taimanov, Mark E"]
[Result "1/2-1/2"]
[WhiteElo "2495"]
[BlackElo "2455"]

1.e4 c5 2.Nf3 e6 3.d4 cxd4 4.Nxd4 Nc6 5.Nc3 Qc7 6.g3 a6 7.Bg2 d6 8.O-O Bd7
9.a4 Nf6 10.Nxc6 Bxc6 11.g4 Be7 12.g5 Nd7 13.Nd5 exd5 14.exd5 O-O 15.dxc6 bxc6
16.Re1 Rfe8 17.Ra3 Bf8 18.Rc3 Ne5 19.Rce3 Re7 20.b3 Rae8 21.h3 d5 22.Qd4 Ng6
23.Bd2 Rxe3 24.Rxe3 Rd8 25.Re1 c5 26.Qg4 c4 27.bxc4 dxc4 28.Bc3 a5 29.Bf1 Rd5
30.h4 Rc5 31.Re8 Ne7 32.Bd4 Rc6 33.Bg2 Re6 34.Bc3 Qd7 35.Rxf8+ Kxf8 36.Qxc4 Qd1+
37.Bf1 Rc6 38.Qb3 Qg4+ 39.Bg2 Rc8 40.Bxa5 Qxh4 41.Bb6 Qxg5 42.a5 Qc1+ 43.Kh2 Qf4+
44.Kg1 Qc1+ 45.Kh2 Qf4+ 46.Kg1  1/2-1/2

[Event "Itau Mercosul Cup 2nd"]
[Site "Sao Paulo"]
[Date "1998.09.15"]
[Round "8"]
[White "Martinez, Carlos Alejandro"]
[Black "Marques, Vinicius"]
[Result "1-0"]
[WhiteElo "2425"]
[BlackElo "2235"]

1.e4 c5 2.Nf3 e6 3.d4 cxd4 4.Nxd4 Nc6 5.Nc3 Qc7 6.Be3 a6 7.f4 Nxd4 8.Qxd4 b5
9.O-O-O Bb7 10.Kb1 Rc8 11.Rd2 Nf6 12.e5 Nd5 13.Nxd5 Bxd5 14.Qb6 Qxb6 15.Bxb6 Bc5
16.Bxc5 Rxc5 17.Bd3 Ke7 18.Re1 Bc4 19.Be4 Bd5 20.Red1 Rhc8 21.Bxd5 exd5 22.Rxd5 Rxc2
23.Rxd7+ Ke8 24.Rd8+ Ke7 25.Rxc8 Rxc8 26.Rd6 Rc4 27.g3 a5 28.Rd5 Rb4 29.Kc2 Rc4+
30.Kd2 Ra4 31.a3 b4 32.Rd4  1-0

[Event "Cancan Veterans-Women"]
[Site "Roquebrune"]
[Date "1998.09.19"]
[Round "12"]
[White "Arakhamia, Ketevan"]
[Black "Taimanov, Mark E"]
[Result "1-0"]
[WhiteElo "2420"]
[BlackElo "2455"]

1.e4 c5 2.Nf3 e6 3.d4 cxd4 4.Nxd4 Nc6 5.Nc3 Qc7 6.f4 a6 7.Nxc6 Qxc6 8.Bd3 b5
9.Qe2 Bb7 10.Bd2 Nf6 11.e5 b4 12.exf6 bxc3 13.Bxc3 gxf6 14.O-O-O Be7 15.Qh5 Qa4
16.Kb1 Rc8 17.b3 Qc6 18.Bb2 Qc5 19.Qh6 Rg8 20.Rhg1 Rxg2 21.Rxg2 Bxg2 22.Qxh7 Bf3
23.Rf1 Bc6 24.Qh8+ Bf8 25.Qxf6 Bg2 26.Rc1 a5 27.f5 Bh3 28.fxe6 Bxe6 29.a4 Qh5
30.Rg1 Rc6 31.Qf4 f5 32.h4 Bd6 33.Qg5 Qxg5 34.hxg5 Bb4 35.g6 Kf8 36.g7+ Kg8
37.c4 Rc8 38.Rf1 Re8 39.Bd4 d5 40.cxd5 Bxd5 41.Kb2 Rd8 42.Bxf5 Bxb3 43.Kxb3 Rxd4
44.Rg1  1-0

[Event "Elista ol (Men)"]
[Site "Elista"]
[Date "1998.09.29"]
[Round "1"]
[White "Shabalov, Alexander"]
[Black "Ghorbani, Mohsen"]
[Result "1-0"]
[WhiteElo "2645"]
[BlackElo "2430"]

1.e4 c5 2.Nf3 Nc6 3.Nc3 e6 4.d4 cxd4 5.Nxd4 Qc7 6.Be2 a6 7.Be3 Nf6 8.O-O Bb4
9.Na4 O-O 10.Nxc6 bxc6 11.Nb6 Rb8 12.Nxc8 Rfxc8 13.Bxa6 Rf8 14.Bd3 Bd6 15.f4 e5
16.f5 Be7 17.b3 d5 18.Qf3 Rfe8 19.g4 h6 20.h4 dxe4 21.Bxe4 Nxe4 22.Qxe4 Bxh4
23.Rad1 Rbd8 24.a4 Bg5 25.Bf2 Rd5 26.c4 Rxd1 27.Rxd1 Rd8 28.Rxd8+ Qxd8 29.Qe2 Qe7
30.a5 Qa3 31.Qxe5 Qxb3 32.a6 Qd1+ 33.Kg2 Qxg4+ 34.Qg3 Qxc4 35.a7 Qa4 36.Qb8+ Kh7
37.a8=Q Qe4+ 38.Kg1  1-0

[Event "Elista ol (Men)"]
[Site "Elista"]
[Date "1998.09.30"]
[Round "2"]
[White "Mangwengwende, John"]
[Black "Daly, Colin"]
[Result "1-0"]
[WhiteElo "2165"]
[BlackElo "2295"]

1.e4 c5 2.Nf3 e6 3.d4 cxd4 4.Nxd4 Nc6 5.Nc3 d6 6.Bc4 a6 7.Bb3 Nge7 8.O-O Nxd4
9.Qxd4 Nc6 10.Qe3 b5 11.a3 Na5 12.Ba2 Bd7 13.Qg3 Rc8 14.Bg5 Rxc3 15.bxc3 Qc7
16.Rad1 Bc6 17.Rfe1 h6 18.Bf4 e5 19.Bc1 g6 20.Rd3 Be7 21.f4 Nc4 22.Bxc4 bxc4
23.Rdd1 Kf8 24.fxe5 dxe5 25.Qg4 Kg7 26.Qe2 Bd7 27.Be3 Be6 28.Rb1 Bxa3 29.Rb6 a5
30.Ra1 Qe7 31.Rb5 Rd8 32.Rxe5 Bb2 33.Raxa5 Bxc3 34.Ra7 Qxa7 35.Bxa7 Bxe5
36.g3 h5 37.Be3 c3 38.Qb5 f6 39.Qa5 Rd7 40.Kf2 Bf7 41.h4 Rd1 42.Qa8 Rd7 43.Qa5 Be6
44.Qb4 Bg4 45.Qa5 Bd1 46.Qa4 Rf7 47.Ke1 Bg4 48.Kf2 Rd7 49.Qa5 Kh7 50.Qb4 Kg8
51.Qa5 Kg7 52.Qb4 f5 53.Qb5 Re7 54.Qc5 Bf6 55.Bd4 Bxd4+ 56.Qxd4+ Kf7 57.e5 f4
58.gxf4 Be6 59.Qxc3 Re8 60.Qc7+ Re7 61.Qd8 Bf5 62.c4 Rd7 63.Qf6+ Ke8 64.c5 Re7
65.Qc6+ Kf7 66.Ke3 Be6 67.Qa8 Re8 68.Qb7+ Re7 69.Qb8 Re8 70.Qc7+ Re7 71.Qd8 Bf5
72.c6 Re8 73.c7 Kf8 74.Kd4 Kf7 75.Qf6+ Kg8 76.e6 Bxe6 77.Qxg6+ Kf8 78.Qxe6 Rxe6
79.c8=Q+ Kf7 80.f5 Re1 81.Qh8 Rg1 82.Qxh5+ Kf6 83.Qh8+ Kf7 84.Qh5+ Kf6 85.Qh6+ Kf7
86.Qe6+ Kf8 87.f6 Rd1+ 88.Kc3 Rd3+ 89.Kc4 Rc3+ 90.Kd5 Rd3+ 91.Kc6 Rc3+ 92.Kb6  1-0

[Event "Elista ol (Men)"]
[Site "Elista"]
[Date "1998.09.30"]
[Round "2"]
[White "Amonatov, Farrukh"]
[Black "Mukabi, John"]
[Result "1-0"]
[WhiteElo "2240"]
[BlackElo "2140"]

1.e4 c5 2.Nf3 e6 3.d4 cxd4 4.Nxd4 Nc6 5.Nc3 Nf6 6.Ndb5 d6 7.Bf4 e5 8.Bg5 a6
9.Na3 Be7 10.Nc4 b5 11.Bxf6 gxf6 12.Ne3 Nd4 13.Ncd5 Be6 14.c3 Nc6 15.a4 Rb8
16.axb5 axb5 17.b4 O-O 18.Ra6 Rc8 19.Bxb5 Bd7 20.Bxc6 Rxc6 21.Rxc6  1-0

[Event "Elista ol (Men)"]
[Site "Elista"]
[Date "1998.10.03"]
[Round "5"]
[White "Damaso, Rui"]
[Black "Saltaev, Mihail"]
[Result "0-1"]
[WhiteElo "2430"]
[BlackElo "2525"]

1.e4 c5 2.Nf3 e6 3.d4 cxd4 4.Nxd4 Nc6 5.Nc3 d6 6.Be3 Nf6 7.Bc4 Bd7 8.Bb3 a6
9.Qe2 b5 10.O-O-O Na5 11.f3 Nxb3+ 12.cxb3 Qa5 13.Kb1 Be7 14.g4 Rc8 15.g5 Nh5
16.Nf5 exf5 17.Nd5 b4 18.f4 g6 19.Bd4 Rg8 20.Nxe7 Kxe7 21.exf5+ Kd8 22.f6 Re8
23.Qf2 Rc6 24.Rc1 Qf5+ 25.Ka1 Qxf4  0-1

[Event "Elista ol (Men)"]
[Site "Elista"]
[Date "1998.10.04"]
[Round "6"]
[White "Malisauskas, Vidmantas"]
[Black "Zvjaginsev, Vadim"]
[Result "1/2-1/2"]
[WhiteElo "2515"]
[BlackElo "2650"]

1.e4 c5 2.Nf3 e6 3.d4 cxd4 4.Nxd4 Nc6 5.Nc3 d6 6.Be3 Nf6 7.Be2 Be7 8.O-O O-O
9.f4 Bd7 10.Kh1 a6 11.a4 Rc8 12.Nb3 Na5 13.e5 Ne8 14.Nxa5 Qxa5 15.exd6 Nxd6
16.f5 Bc6 17.fxe6 fxe6 18.Bd3 Rxf1+ 19.Qxf1 Qb4 20.Bd2 Qg4 21.Qe2 Qxe2 22.Bxe2 Nf5
23.Bd3 Bb4 24.Re1 Nd4 25.Be3 Nf5 26.Bd2 Rf8 27.Ne4 Bxd2 28.Nxd2 Bxa4 29.Rxe6 Bxc2
30.Bxc2 Nd4 31.Bxh7+ Kxh7 32.Rd6 Re8 33.h3 Nf5 34.Rb6 Nh4 35.Nf3 Nxf3 36.gxf3 a5  1/2-1/2

[Event "Elista ol (Men)"]
[Site "Elista"]
[Date "1998.10.04"]
[Round "6"]
[White "Clerides, Paraskevas"]
[Black "Munoz, Hugo"]
[Result "0-1"]
[WhiteElo "2255"]
[BlackElo "2290"]

1.e4 c5 2.Nf3 e6 3.d4 cxd4 4.Nxd4 Nc6 5.Nc3 Qc7 6.Be3 Nf6 7.Bd3 a6 8.O-O Ne5
9.h3 b5 10.Qe2 Bb7 11.f4 Nc4 12.Bxc4 Qxc4 13.Qxc4 bxc4 14.e5 Nd5 15.Nxd5 Bxd5
16.Ne2 Rc8 17.Nc3 Bc6 18.Rfd1 f6 19.Rd2 Be7 20.Re1 Rf8 21.Rd4 Rb8 22.b3 cxb3
23.cxb3 fxe5 24.fxe5 Rf5 25.Bf2 h5 26.g4 Rg5 27.Ne4 Rg6 28.Nd6+ Kd8 29.Rf4 Kc7
30.Bc5 Rh8 31.Ref1 hxg4 32.Rxg4 Rxg4+ 33.hxg4 Rh1+ 34.Kf2 Bh4+ 35.Ke2 Rxf1
36.Kxf1 Bf3 37.Be3 Bxg4 38.Ne8+ Kd8 39.Nd6 Kc7 40.Ne8+ Kc6 41.Nxg7 Bg3 42.Bd4 Kd5
43.Bb6 Bxe5 44.Ne8 Kc6 45.Bd8 d5 46.Bg5 Bf5 47.Nf6 Bb1 48.a3 Bb2 49.Ng4 Bxa3
50.Ke2 Ba2 51.Ne5+ Kb5 52.Nf3 Bb2 53.Nd2 Bc3 54.Kd3 Bxd2 55.Bxd2 Bxb3 56.Kd4 Bd1
57.Bf4 a5 58.Bd6 Bf3 59.Ke3 Bg2 60.Kd4 Bh3 61.Kc3 a4 62.Kd4 Bf5 63.Ba3 Bc2
64.Be7 Bb3 65.Bd6 Kc6 66.Ba3 Kd7 67.Ke5 Bd1 68.Bc5 Bg4 69.Ba3 Ke8 70.Bb2 Kf7
71.Kf4 Bf5 72.Kg5 Bc2 73.Kf4 Kg6 74.Ke5 Bf5 75.Kf4 Kh5 76.Bf6 a3 77.Ba1 Kh4
78.Be5 Kh3 79.Kf3 Be4+  0-1

[Event "Elista ol (Men)"]
[Site "Elista"]
[Date "1998.10.04"]
[Round "6"]
[White "Bologan, Viktor"]
[Black "Vescovi, Giovanni"]
[Result "1/2-1/2"]
[WhiteElo "2585"]
[BlackElo "2525"]

1.e4 c5 2.Nf3 e6 3.d4 cxd4 4.Nxd4 Nc6 5.Nc3 Qc7 6.Be2 a6 7.O-O Nf6 8.Kh1 Bc5
9.Nxc6 bxc6 10.f4 d5 11.e5 Nd7 12.Na4 Be7 13.c4 Nb6 14.Be3 Nxa4 15.Qxa4 Bd7
16.Qc2 Qb7 17.Bd3 g6 18.Qf2 O-O 19.Rac1 dxc4 20.Rxc4 c5 21.Be4 Bc6 22.Bxc6 Qxc6
23.Rfc1 Qd5 24.b3 Rfd8 25.h3 a5 26.Bxc5 Bxc5 27.Rxc5 Qd3 28.Qh4 Rf8 29.R5c3 Qd5
30.Rc4 Qd2 31.R1c2 Qd1+ 32.Kh2 Rfd8 33.Qf6 Rf8 34.Rc7 Rad8 35.Rc1 Qd2 36.R1c2 Qd1
37.a4 Rb8 38.R2c3 Rbd8 39.Rc2 Rb8 40.R2c3 Rbd8 41.Qg5 Qa1 42.Rc1 Qb2 43.Qg3 Rb8
44.R1c3 Rbd8 45.Rc2 Qb1 46.Rc1 Qf5 47.Qg4 Qe4 48.R7c4 Qe3 49.R4c3 Qd2 50.R1c2 Qd4
51.Qh4 Qe4 52.Rc4 Qd3 53.R4c3 Qe4 54.Qf6 Rd4 55.Rc5 Qe3 56.R2c3 Qf2 57.Rc2 Qe3
58.R5c3 Rd3 59.Rxd3 Qxd3 60.Rc5 Qxb3 61.Rxa5 Qb4 62.Ra7 Qd4 63.Re7  1/2-1/2

[Event "Elista ol (Men)"]
[Site "Elista"]
[Date "1998.10.05"]
[Round "7"]
[White "Fadi, Eid"]
[Black "Kelly, Bryan"]
[Result "1-0"]
[WhiteElo "2280"]
[BlackElo "2405"]

1.e4 c5 2.Nf3 e6 3.d4 cxd4 4.Nxd4 Nc6 5.Nc3 d6 6.Be3 Nf6 7.Qe2 a6 8.O-O-O Qc7
9.g4 Be7 10.g5 Nd7 11.f4 O-O 12.h4 Nxd4 13.Bxd4 b5 14.a3 Bb7 15.Bh3 Rfe8
16.g6 hxg6 17.h5 Nf8 18.hxg6 fxg6 19.Qh2 e5 20.Nd5 Bxd5 21.exd5 Bh4 22.fxe5 dxe5
23.Be6+ Nxe6 24.dxe6 g5 25.Bxe5 Qc5 26.Rd7 Re7 27.Bd4 Qc4 28.Rxe7 Qxd4 29.Qd2 Qe4
30.Qd1 Rc8 31.Kb1 Bf2 32.Qh5  1-0

[Event "Elista ol (Men)"]
[Site "Elista"]
[Date "1998.10.05"]
[Round "7"]
[White "Kobese, Watu"]
[Black "Hernandez, Gilberto"]
[Result "0-1"]
[WhiteElo "2415"]
[BlackElo "2520"]

1.e4 c5 2.Nf3 e6 3.d4 cxd4 4.Nxd4 Nc6 5.Nc3 Qc7 6.g3 a6 7.Bg2 Nf6 8.O-O d6
9.Nb3 b5 10.a3 Be7 11.g4 O-O 12.g5 Nd7 13.f4 Re8 14.f5 Nde5 15.Ne2 Bf8 16.c3 Nc4
17.Nbd4 Nxd4 18.Nxd4 e5 19.Nc2 Bb7 20.g6 d5 21.exd5 e4 22.gxf7+ Qxf7 23.b3 Nb6
24.f6 gxf6 25.Bg5 Bg7 26.c4 bxc4 27.bxc4 Nxc4 28.Rb1 Bxd5 29.Bxf6 Bxf6 30.Rxf6 Qxf6
31.Qxd5+ Qe6 32.Bxe4 Rad8 33.Rd1 Kh8 34.Qxd8 Qg8+  0-1

[Event "Budapest FS10 GM"]
[Site "Budapest"]
[Date "1998.10.06"]
[Round "4"]
[White "Mikhaletz, Lubomir"]
[Black "Fogarasi, Tibor"]
[Result "1/2-1/2"]
[WhiteElo "2495"]
[BlackElo "2425"]

1.e4 c5 2.Nf3 e6 3.d4 cxd4 4.Nxd4 Nc6 5.Nc3 Qc7 6.Be2 a6 7.O-O Nf6 8.Kh1 Be7
9.f4 d6 10.Nxc6 bxc6 11.e5 dxe5 12.fxe5 Qxe5 13.Bf4 Qc5 14.Bd3 O-O 15.Qf3 a5
16.Rae1 Ba6 17.Bxa6 Rxa6 18.Be5 Qc4 19.b3 Qg4 20.Qd3 Raa8 21.Ne4 Rad8 22.Qc4 Nxe4
23.Rxe4 Qh5 24.Bc3 Rd1 25.Ree1 Rxe1 26.Rxe1 Qf5 27.Be5 Rd8 28.h3 h6 29.Qe2 Bf6
30.Bxf6 Qxf6 31.Qc4 Rd6 32.Qc5 Qd8 33.a4 f6 34.Qc4 Kf7 35.c3 Qd7 36.Qe2 Rd5
37.c4 Re5 38.Qf2 Rxe1+ 39.Qxe1 Qc7 40.b4 axb4 41.Qxb4 c5 42.Qb5 Qe5 43.a5 Qe1+
44.Kh2 Qe5+ 45.Kh1 Qe1+ 46.Kh2  1/2-1/2

[Event "Elista ol (Men)"]
[Site "Elista"]
[Date "1998.10.06"]
[Round "8"]
[White "Krakops, Maris"]
[Black "Fominyh, Alexander"]
[Result "1/2-1/2"]
[WhiteElo "2510"]
[BlackElo "2530"]

1.e4 c5 2.Nf3 e6 3.Nc3 Nc6 4.d4 cxd4 5.Nxd4 Qc7 6.Be3 a6 7.Bd3 Nf6 8.O-O Bd6
9.Nxc6 bxc6 10.f4 e5 11.f5 Be7 12.Qf3 Rb8 13.b3 Qa5 14.Na4 d5 15.exd5 Nxd5
16.Bc1 O-O 17.Bb2 f6 18.Be4 Bd7 19.Kh1 Qc7 20.Rad1 Nb6 21.Nxb6 Rxb6 22.Rd3 Rd8
23.Qg4 Be8 24.Rg3 Bf8 25.Bd3 c5 26.Bxa6 Bf7 27.Bc4 Rb4 28.Bxf7+ Qxf7 29.Qe2 Qb7
30.c4 Rb6 31.Bc3 Rbd6 32.Re3 Qd7 33.h3 Be7 34.Ref3 Ra8 35.Qc2 Bd8 36.R3f2 Ba5
37.Bxa5 Rxa5 38.Re2 Ra8 39.Kh2 Rd4 40.Ref2 h5 41.Re1 Rd8 42.a3  1/2-1/2

[Event "Elista ol (Men)"]
[Site "Elista"]
[Date "1998.10.06"]
[Round "8"]
[White "Cela, Altin"]
[Black "Efimov, Igor"]
[Result "1/2-1/2"]
[WhiteElo "2450"]
[BlackElo "2530"]

1.e4 c5 2.Nf3 e6 3.d4 cxd4 4.Nxd4 Nc6 5.Nc3 d6 6.Be3 a6 7.g4 Nge7 8.Bg2 Ng6
9.O-O h5 10.g5 Be7 11.Nxc6 bxc6 12.f4 Rb8 13.b3 h4 14.Qg4 Qa5 15.Ne2 Bd7
16.c4 Nf8 17.Kh1 f5 18.gxf6 gxf6 19.f5 e5 20.Rfd1 Kd8 21.Bf2 Be8 22.c5 Bh5
23.Qg7 Rh7 24.Qg8 Bf7 25.Qg4 Bh5 26.Qg8 Bxe2 27.cxd6 Bxd1 28.Rxd1 h3 29.Bf1 Qc3
30.Kg1 Qc2 31.Rd3 Ke8 32.dxe7 Rxe7 33.Rd6 Rbb7 34.Qc4 Rg7+ 35.Bg3 Qxc4 36.Bxc4 Rbd7
37.Rxc6 Rd1+ 38.Kf2 Nd7 39.Rxa6 Nc5 40.Bb5+ Ke7 41.Ra7+ Kf8 42.Ra8+ Ke7 43.Ra7+ Kf8
44.Ra8+  1/2-1/2

[Event "Elista ol (Men)"]
[Site "Elista"]
[Date "1998.10.06"]
[Round "8"]
[White "Heidenfeld, Mark"]
[Black "Macieja, Bartlomiej"]
[Result "1/2-1/2"]
[WhiteElo "2335"]
[BlackElo "2490"]

1.e4 c5 2.Nf3 Nc6 3.d4 cxd4 4.Nxd4 e6 5.Nc3 Qc7 6.g3 a6 7.Bg2 Nf6 8.O-O Bc5
9.Bf4 e5 10.Nb3 exf4 11.Nxc5 fxg3 12.hxg3 d6 13.Nd3 Be6 14.Nd5 Bxd5 15.exd5 Ne7
16.Re1 O-O 17.c4 Rae8 18.Rc1 Nf5 19.b4 a5 20.a3 axb4 21.axb4 b6 22.Qd2 Rxe1+
23.Nxe1 Re8 24.Qf4 Ne7 25.Nd3 Ng6 26.Qd4 h5 27.c5 bxc5 28.bxc5 dxc5 29.d6 Qb6
30.Qxc5 Qxc5  1/2-1/2

[Event "Elista ol (Men)"]
[Site "Elista"]
[Date "1998.10.07"]
[Round "9"]
[White "Shovunov, Baatr"]
[Black "Horvath, Jozsef"]
[Result "0-1"]
[WhiteElo "2470"]
[BlackElo "2530"]

1.e4 c5 2.Nf3 e6 3.d4 cxd4 4.Nxd4 Nc6 5.Nc3 Qc7 6.Be2 a6 7.O-O Nf6 8.Kh1 Be7
9.f4 d6 10.Bf3 O-O 11.Be3 Bd7 12.Qe1 Nxd4 13.Bxd4 Bc6 14.Qg3 b5 15.Rae1 b4
16.e5 dxe5 17.fxe5 Nd7 18.Ne4 Rad8 19.Nf6+ Bxf6 20.Bxc6 Nxe5 21.c3 Qxc6 22.Rxf6 Ng6
23.Rf3 f6 24.Bg1 Ne5 25.Rfe3 Rd2 26.cxb4 Rxb2 27.Rc3 Qd5 28.Rc7 Ng6 29.a4 Rxb4
30.Bc5 Rb3 31.Qf2 Rfb8 32.a5 Rb2 33.Qg3 e5 34.Bb6 Rb7 35.Rc8+ Kf7 36.Rec1 Rd7
37.R8c7 Nf4 38.Qg4 Ne6 39.Rc8 g6 40.h3 f5 41.Qg3 f4 42.Qh2 Kg7 43.Re1 f3  0-1

[Event "Elista ol (Men)"]
[Site "Elista"]
[Date "1998.10.07"]
[Round "9"]
[White "Raphael, J."]
[Black "Mukabi, John"]
[Result "1/2-1/2"]
[WhiteElo "2220"]
[BlackElo "2140"]

1.e4 c5 2.Nf3 e6 3.Nc3 Nc6 4.d4 cxd4 5.Nxd4 Nf6 6.Ndb5 d6 7.Bf4 e5 8.Bg5 a6
9.Na3 b5 10.Nd5 Be7 11.Nxe7 Qxe7 12.c4 b4 13.Nc2 Be6 14.Qf3 h6 15.Bxf6 Qxf6
16.Qxf6 gxf6 17.Bd3 Rg8 18.g3 Ke7 19.f3 a5 20.Kf2 a4 21.b3 Rgb8 22.Rhb1 Rb7
23.g4 Rba7 24.Ke3 axb3 25.axb3 Rxa1 26.Rxa1 Rxa1 27.Nxa1 Nd4 28.Bc2 Kf8 29.Bd1 Kg7
30.Kf2 Kg6 31.Kg3 Bd7 32.Kf2 Kg5 33.Kg3 Bc6 34.h4+ Kg6 35.h5+ Kg5 36.Nc2 Nxc2
37.Bxc2 Bb7  1/2-1/2

[Event "Elista ol (Men)"]
[Site "Elista"]
[Date "1998.10.09"]
[Round "10"]
[White "Upton, Timothy J"]
[Black "Schinis, Mario"]
[Result "1-0"]
[WhiteElo "2290"]
[BlackElo "2210"]

1.e4 c5 2.Nf3 e6 3.d4 cxd4 4.Nxd4 Nc6 5.Nc3 Qc7 6.Be2 a6 7.O-O Nf6 8.Be3 Bb4
9.Na4 Be7 10.Nxc6 bxc6 11.f4 Nxe4 12.Bf3 Nf6 13.c4 d5 14.Rc1 O-O 15.cxd5 exd5
16.Bxd5 Rd8 17.Bb6  1-0

[Event "Elista ol (Men)"]
[Site "Elista"]
[Date "1998.10.09"]
[Round "10"]
[White "David, Alberto"]
[Black "Fominyh, Alexander"]
[Result "1-0"]
[WhiteElo "2520"]
[BlackElo "2530"]

1.e4 c5 2.Nf3 Nc6 3.Nc3 e6 4.d4 cxd4 5.Nxd4 Qc7 6.Be2 a6 7.O-O Nf6 8.Kh1 Bc5
9.Nxc6 bxc6 10.Bg5 h6 11.Bxf6 gxf6 12.Bh5 Rb8 13.Bxf7+ Kf8 14.f4 Be3 15.Bh5 Rxb2
16.Qg4 Rg8 17.Qh4 Qd8 18.Nd1 Bd4 19.Nxb2 Bxb2 20.Rab1 Ba3 21.Be2 Qe7 22.Rf3 f5
23.Qxh6+ Ke8 24.Rb8 Kd8 25.Bxa6 Kc7 26.Rxc8+ Rxc8 27.Bxc8 Qb4 28.Ba6 fxe4
29.Rf1 Qa4 30.Be2 Qxc2 31.Qh5 d5 32.Qf7+ Kb6 33.Qxe6 Bb2 34.Qg4 Bf6 35.a4 Ka5
36.h4 e3 37.h5 d4 38.Rd1 c5 39.Qf3  1-0

[Event "NRW Sportland Cup Masters"]
[Site "Senden"]
[Date "1998.10.09"]
[Round "2"]
[White "Souleidis, Georgios"]
[Black "Kalinitschew, Sergey"]
[Result "0-1"]
[WhiteElo "2345"]
[BlackElo "2505"]

1.e4 c5 2.Nf3 Nc6 3.Nc3 e6 4.d4 cxd4 5.Nxd4 Nf6 6.Ndb5 d6 7.Bf4 e5 8.Bg5 a6
9.Na3 b5 10.Bxf6 gxf6 11.Nd5 Bg7 12.Bd3 Ne7 13.Nxe7 Qxe7 14.O-O f5 15.exf5 d5
16.c3 Bb7 17.Re1 e4 18.Nc2 Be5 19.Bf1 Rd8 20.Qh5 Rg8 21.Rad1 Rd6 22.a3 Bf4
23.Qxh7 Qg5 24.h4 Rh6 25.hxg5 Bh2+ 26.Kh1 Rxh7 27.Re3 Rxg5 28.Rh3 Rxh3 29.gxh3 Bf4
30.Ne3 Bxe3 31.fxe3 Rxf5 32.Be2 Rf2 33.Re1 Bc8 34.Kg1 Rf6 35.Kh2 Rh6 36.Bf1 Ke7
37.Bg2 Kd6 38.Rf1 f5 39.Rf2 Ke5 40.Bf1 Bd7 41.Be2 a5 42.Rg2 b4 43.axb4 axb4
44.Rg7 bxc3 45.Rxd7 Rb6 46.b3 Rc6  0-1

[Event "Elista ol (Men)"]
[Site "Elista"]
[Date "1998.10.10"]
[Round "11"]
[White "Nedev, Trajce"]
[Black "Varas, Carlos"]
[Result "1-0"]
[WhiteElo "2435"]
[BlackElo "2305"]

1.e4 c5 2.Nf3 e6 3.d4 cxd4 4.Nxd4 Nc6 5.Nc3 Qc7 6.Be3 a6 7.Bd3 Nf6 8.O-O Ne5
9.h3 Bc5 10.f4 Nc6 11.Nf5 Bxe3+ 12.Nxe3 d6 13.Kh1 O-O 14.Qe1 b5 15.Qh4 h6
16.Rae1 Bb7 17.a3 b4 18.axb4 Nxb4 19.e5 dxe5 20.fxe5 Nfd5 21.Ncxd5 Nxd5 22.Ng4 Qe7
23.Rf6 gxf6 24.Qxh6 f5 25.Nf6+  1-0

[Event "Elista ol (Men)"]
[Site "Elista"]
[Date "1998.10.11"]
[Round "12"]
[White "David, Alberto"]
[Black "Rahman, Ziaur"]
[Result "1-0"]
[WhiteElo "2520"]
[BlackElo "2500"]

1.e4 c5 2.Nf3 Nc6 3.Nc3 e6 4.d4 cxd4 5.Nxd4 Qc7 6.Be2 a6 7.O-O Nf6 8.Kh1 Bb4
9.Bg5 Ne7 10.Bxf6 gxf6 11.Qd2 Bxc3 12.bxc3 h5 13.Rab1 b6 14.Rb4 Bb7 15.f3 e5
16.Nf5 Nxf5 17.exf5 Bc6 18.Rfb1 b5 19.c4 Ke7 20.cxb5 axb5 21.Bxb5 Rxa2 22.Bc4 Ra3
23.Bb3 h4 24.h3 Qd6 25.Qe1 Rh5 26.Rxh4 Rxf5 27.Rh7 Rxb3 28.Rxb3 Rf4 29.Rd3 Qc5
30.Rh4 Qxc2 31.Rxf4 Qxd3 32.Qb4+ d6 33.Rg4 f5 34.Rg8 e4 35.fxe4 fxe4 36.Qe1 Ke6
37.Rg3 Qd5 38.Qe3 Qe5 39.Rg5 Qf6 40.Ra5 d5 41.Qc1 Kd7 42.Ra7+ Ke8 43.Ra6 Kd7
44.Ra7+ Ke8 45.Rc7 Bd7 46.Qa3 Qe6 47.Rc5 Bc6 48.Qa6 Kd7 49.Qa7+ Ke8 50.Qc7 Bd7
51.Qb7 Qf6 52.Qb8+ Ke7 53.Rxd5 Qc6 54.Qb4+  1-0

[Event "Budapest FS10 IM-B"]
[Site "Budapest"]
[Date "1998.10.12"]
[Round "10"]
[White "Lengyel, Bela"]
[Black "Fang, Joseph"]
[Result "1-0"]
[WhiteElo "2385"]
[BlackElo "2315"]

1.e4 c5 2.Nf3 e6 3.d4 cxd4 4.Nxd4 Nc6 5.Nc3 a6 6.Nxc6 bxc6 7.Bd3 d5 8.O-O Nf6
9.Qe2 Be7 10.Bd2 O-O 11.f4 Re8 12.b3 Qc7 13.e5 Nd7 14.Na4 Bb7 15.Rf3 g6 16.Rh3 c5
17.c4 d4 18.Nb2 a5 19.Bc2 Bc6 20.Re1 Nb6 21.a4 Nd7 22.Qg4 Nf8 23.Nd3 Rab8
24.Qg3 Qd8 25.Nf2 Rb7 26.Re2 Kg7 27.Ng4 Rd7 28.Nf6 Bxf6 29.exf6+ Qxf6 30.f5 d3
31.Bxd3 Qd4+ 32.Kf1 Red8 33.Bc2 Qxd2 34.f6+ Kg8 35.Rxd2 Rxd2 36.Qc3 Rxg2
37.Rd3 Rxd3 38.Bxd3 Rxh2 39.Qxa5  1-0

[Event "NRW Sportland Cup Masters"]
[Site "Senden"]
[Date "1998.10.13"]
[Round "6"]
[White "Wiehagen, Juergen"]
[Black "Kroencke, Manfred"]
[Result "1/2-1/2"]
[WhiteElo "2100"]
[BlackElo "2165"]

1.e4 c5 2.Nf3 e6 3.Nc3 Nc6 4.d4 cxd4 5.Nxd4 Qc7 6.g3 a6 7.Bg2 Nf6 8.O-O Be7
9.Be3 Ne5 10.h3 d6 11.Nde2 Bd7 12.b3 Bc6 13.f4 Ned7 14.Nd4 O-O 15.Nxc6 Qxc6
16.Ne2 e5 17.c4 Rfe8 18.Nc3 b5 19.Rc1 bxc4 20.Na4 Rac8 21.Rxc4 Qb5 22.Rxc8 Rxc8
23.Qd2 Qb7 24.Qd3 Rc6 25.Rd1 h6 26.f5 Qb4 27.Kh2 Ne8 28.Qb1 Bg5 29.Bxg5 hxg5
30.Rc1 Qb7 31.Rc3 Nb6 32.Qc1 Rxc3 33.Nxc3 Qc6 34.Qe3 f6 35.Bf1 Nc7 36.a4 a5
37.h4 gxh4 38.gxh4 Kf8 39.h5 Qc5 40.Qg3 Qd4 41.Qe1 d5 42.exd5 Qf4+ 43.Kg1 Ncxd5
44.Nxd5 Nxd5 45.Qxa5 Qd4+ 46.Kh2  1/2-1/2

[Event "NRW Sportland Cup Masters"]
[Site "Senden"]
[Date "1998.10.14"]
[Round "7"]
[White "Berndt, Stephan"]
[Black "Kalinitschew, Sergey"]
[Result "1/2-1/2"]
[WhiteElo "2505"]
[BlackElo "2505"]

1.e4 c5 2.Nf3 Nc6 3.d4 cxd4 4.Nxd4 e6 5.Nc3 Qc7 6.Be2 a6 7.O-O Nf6 8.Be3 d6
9.f4 Be7 10.a4 Nxd4 11.Bxd4 e5 12.Be3 exf4 13.Bxf4 Be6  1/2-1/2

[Event "VAM Hoogeveen op"]
[Site "Hoogeveen"]
[Date "1998.10.16"]
[Round "1"]
[White "Remmel, Tim"]
[Black "Reinderman, Dimitri"]
[Result "0-1"]
[WhiteElo "2235"]
[BlackElo "2540"]

1.e4 c5 2.Nf3 e6 3.d4 cxd4 4.Nxd4 Nc6 5.Nc3 a6 6.g3 Nge7 7.Nb3 b5 8.Bg2 Ng6
9.O-O Bb7 10.Be3 Nge5 11.Nc5 Bc8 12.Nd3 Nc4 13.Bf4 d6 14.e5 d5 15.b3 Nb6
16.Qd2 Be7 17.Ne2 O-O 18.c3 Bb7 19.Nd4 Rc8 20.Be3 Nd7 21.f4 g6 22.g4 Nc5
23.f5 Ne4 24.Qb2 Bg5 25.Bf4 exf5 26.gxf5 Re8 27.e6 fxe6 28.Nxe6 Qb6+ 29.Kh1 Bf6
30.Bxe4 dxe4 31.Ndc5 Ne5 32.Nxb7 Qxb7 33.Qg2 Nf3 34.Rac1 Nh4 35.Qe2 gxf5
36.Nd4 Bxd4 37.cxd4 e3+ 38.Kg1 Nf3+ 39.Rxf3 Rxc1+ 40.Kg2 Qe4 41.Kh3 Re6 42.Rg3+ Rg6
43.Qxe3 Qxe3 44.Rxe3 Rf1 45.Be5 Kf7 46.Rc3 Ke6 47.Rc7 Rf3+ 48.Bg3 f4 49.Kg2 Rd3
50.Rc6+ Kf5  0-1

[Event "VAM Hoogeveen op"]
[Site "Hoogeveen"]
[Date "1998.10.16"]
[Round "1"]
[White "Solomon, Stephen J"]
[Black "Van Engen, HJ."]
[Result "1-0"]
[WhiteElo "2435"]
[BlackElo "2135"]

1.e4 c5 2.Nf3 e6 3.d4 cxd4 4.Nxd4 Nc6 5.Nc3 Qc7 6.Be2 a6 7.O-O Nf6 8.Be3 Bb4
9.Nxc6 dxc6 10.Na4 Bd6 11.Bb6 Qe7 12.Qd3 Nd7 13.Rad1 Bb8 14.Qe3 O-O 15.Rxd7 Bxd7
16.Rd1 Bc8 17.g3 Bc7 18.Bc5 Qf6 19.Bxf8 Kxf8 20.Nb6 Rb8 21.f4 Qxb2 22.Qc5+ Kg8
23.Nc4 Qxc2 24.Qe7 h6 25.Bh5 g6 26.Qxc7 gxh5 27.Rd8+ Kg7 28.Qe5+  1-0

[Event "VAM Hoogeveen op"]
[Site "Hoogeveen"]
[Date "1998.10.17"]
[Round "2"]
[White "Van Engen, HJ."]
[Black "Ligterink, Gert"]
[Result "0-1"]
[WhiteElo "2135"]
[BlackElo "2425"]

1.e4 c5 2.Nf3 e6 3.d4 cxd4 4.Nxd4 Nc6 5.Nc3 d6 6.g4 Nge7 7.Be3 a6 8.a4 Nxd4
9.Qxd4 Nc6 10.Qd1 Be7 11.Be2 O-O 12.O-O b6 13.f4 Qc7 14.g5 Rd8 15.Bd3 Nb4
16.Rf3 d5 17.Bd2 dxe4 18.Nxe4 Nxd3 19.cxd3 Bb7 20.Qe1 Qc2 21.Rc1 Qxa4 22.Rh3 Qd4+
23.Nf2 Qd5 24.Ne4 Bc5+ 25.Kf1 Qf5 26.Rg3 Rxd3 27.Rxc5 Qxe4 28.Rc3 Qxe1+ 29.Kxe1 Rd7
30.Rgd3 Rxd3 31.Rxd3 Bd5 32.Rc3 a5 33.Rc7 a4 34.Bb4 h6 35.h4 hxg5 36.hxg5 Re8
37.Ra7 b5 38.Kf2 e5 39.Rd7 Be6 40.Rb7 exf4 41.Rxb5 Bg4 42.Bd6 Re2+ 43.Kf1 f3
44.Kg1 f2+ 45.Kg2 Bh3+  0-1

[Event "SVK-chT2A 9899"]
[Site "SVK"]
[Date "1998.10.17"]
[Round "1"]
[White "Meszaros, Michal"]
[Black "Androvic, Peter"]
[Result "1-0"]
[WhiteElo "1934"]
[BlackElo "2038"]

1.e4 c5 2.Nf3 Nc6 3.d4 cxd4 4.Nxd4 e6 5.Nc3 Nf6 6.Be3 Be7 7.Be2 O-O 8.O-O a6
9.a4 d5 10.exd5 Nxd5 11.Nxd5 exd5 12.c3 Bf6 13.Qd2 Re8 14.Rfd1 Ne5 15.Qc2 Qe7
16.Bd3 Nxd3 17.Qxd3 Qc7 18.h3 Bd7 19.Ne2 Bc6 20.Nf4 Rad8 21.Nh5 Be5 22.f4 Bd6
23.Bd4 f6 24.Qg3 Kf8 25.Kh1 Qf7 26.Qf3 Re4 27.f5 Rde8 28.Ng3 R4e7 29.Kg1 Kg8
30.Nf1 Re2 31.b4 Qd7 32.Ne3 Rb2 33.a5 Bb8 34.Qg4 Qd6 35.Nf1 Ree2 36.g3 Qe7
37.Qf3 h5 38.Ne3 h4 39.gxh4 Rxe3 40.Qxe3 Qd6 41.Qe6+ Qxe6 42.fxe6 Bg3 43.Rf1 Bh2+
44.Kh1 Bg3 45.Rf3 Bxh4 46.Rg1 Kf8 47.Rf4 g5 48.Rxf6+ Ke7 49.Rgf1 Kd6 50.Kg1 Re2
51.Bc5+  1-0